000 002510000a22001210004500
001 005754
003 MACL
040 _aMACL
090 _c12926
_d12925
245 _aQumqam ul Islam
_bRazzaq Molvi Abdul
650 _aUrdu Literature
942 _k891
_cBook
999 _c12853
_d12853